Calogero - En Apesanteur - Statistiques

Statistiques générales
  • Ce quiz a été pris 1 783 fois
  • Le résultat moyen est 23 sur 28
Statistiques - réponses
Réponse % Correct
Je suis en tête-à-tête {avec} {un} {ange}
96%
Dans cet {ascenseur}
95%
Et sa voix me fait quitter la {terre} {ferme}, Alors
95%
J'arrive à me glisser juste avant {que} {les} {portes} {ne} {se} {referment}
95%
Pourvu que les secondes soient des {heures}
94%
Pourvu que les {secondes} soient des heures
94%
{Pourvu} qu'on soit les seuls
94%
Pourvu qu'on soit les {seuls}
93%
{En} {apesanteur}
92%
En apesanteur
92%
En apesanteur
92%
En apesanteur
92%
{En} {apesanteur}
92%
En apesanteur
92%
{J'arrive} à me glisser
91%
{Juste} {avant} que les portes ne se referment
89%
Elle arrange {ses} {cheveux}
87%
Pourvu que rien n'arrête le {voyage}
86%
Elle me dit {"quel} {étage"}
78%
Les yeux {rivés}
77%
Sur les {étages}
75%
Et sans la {regarder}
69%
{Les} {chiffres} {dansent}, tout se mélange
65%
J'ai le {coeur} {juste} {au} {bord} {des} {yeux}
55%
{Dans} {cet} {ascenseur}
54%
je sens la {chaleur} {d'un} {autre} {langage}, alors
54%
{Pourvu} {que} {les} {secondes} {soient} {des} {heures}
54%
{Pourvu} {qu'on} {soit} {les} {seuls}
54%
Aucun quiz correspondant
Distribution des résultats
% des personnes avec chaque résultat
Percentile par nombre de réponses
Votre historique - résultats
Vous n’avez pas pris ce quiz